Исследования динамики вагонов (Запись № 8977861)

Подробности
000 -МАРКЕР
контрольное поле 03750nam0a22003731 4500
001 - ИДЕНТИФИКАТОР ЗАПИСИ
контрольное поле rc\3972418
005 - ИДЕНТИФИКАТОР ВЕРСИИ
контрольное поле 20260405155531.0
021 ## - НОМЕР ГОСУДАРСТВЕННОЙ РЕГИСТРАЦИИ
Код страны российская федерация
Номер [55-10707ж]
035 ## - ДРУГИЕ СИСТЕМНЫЕ НОМЕРА
Идентификатор записи (NLR Aleph) 008056919
100 ## - ДАННЫЕ ОБЩЕЙ ОБРАБОТКИ
Данные общей обработки 20130415d1955 |||y0rusy50 ca
101 0# - ЯЗЫК РЕСУРСА
Язык текста, звукозаписи и т.д. русский
102 ## - СТРАНА ПУБЛИКАЦИИ ИЛИ ПРОИЗВОДСТВА
Страна публикации российская федерация
105 ## - ПОЛЕ КОДИРОВАННЫХ ДАННЫХ: ТЕКСТОВЫЕ МАТЕРИАЛЫ, МОНОГРАФИЧЕСКИЕ
Кодированные данные о монографическом текстовом документе a z |||||
200 1# - ЗАГЛАВИЕ И СВЕДЕНИЯ ОБ ОТВЕТСТВЕННОСТИ
Основное заглавие Исследования динамики вагонов
210 ## - ПУБЛИКАЦИЯ, РАСПРОСТРАНЕНИЕ И ДР.
Место издания, распространения и т.д. Москва
Имя издателя, распространителя и т. д. Трансжелдориздат
Дата издания, распространения и т.д. 1955
215 ## - ФИЗИЧЕСКАЯ ХАРАКТЕРИСТИКА
Специфическое обозначение материала и объем 100 с., 1 л. табл.
Другие сведения о физической характеристике ил.
Размеры 22
225 1# - СЕРИЯ
Основное заглавие серии Труды Всесоюзного научно-исследовательского института железнодорожного транспорта
Обозначение тома Вып. 105
300 ## - ОБЩИЕ ПРИМЕЧАНИЯ
Текст примечания Перед загл. авт.: Н.Н. Кудрявцев, А.А. Попов, В.В. Чиркин и др.
327 1# - ПРИМЕЧАНИЯ О СОДЕРЖАНИИ
Текст примечания Содерж.: Динамические исследования вагонных осей / Н.Н. Кудрявцева. Графический способ определения прогибов рессор двухосного вагона / А.А. Попов. Метод определения наибольших размеров подвижного состава для заданного габарита приближения строений / В.В. Чиркин. Усилия и ускорения, возникающие при соударениях цельнометаллич. пассажирских вагонов / С.В. Вершинский, А.В.Федосеев
464 #0 - АНАЛИТИЧЕСКИЙ УРОВЕНЬ
Встроенное поле 2001#$aГрафический способ определения прогибов рессор двухосного вагона
-- 700#1$aПопов$bА. А.$gАлексей Александрович$f1905-1966$cд-р техн. наук, строит. механика$3RU\NLR\AUTH\7766311
Заглавие Графический способ определения прогибов рессор двухосного вагона
Автор Попов, Алексей Александрович (д-р техн. наук, строит. механика ; 1905-1966)
464 #0 - АНАЛИТИЧЕСКИЙ УРОВЕНЬ
Встроенное поле 2001#$aМетод определения наибольших размеров подвижного состава для заданного габарита приближения строений
-- 700#1$aЧиркин$bВ.В.
Заглавие Метод определения наибольших размеров подвижного состава для заданного габарита приближения строений
Автор Чиркин, В.В.
464 #0 - АНАЛИТИЧЕСКИЙ УРОВЕНЬ
Встроенное поле 2001#$aУсилия и ускорения, возникающие при соударениях цельнометаллических пассажирских вагонов
-- 700#1$aВершинский$bС.В.
-- 701#1$aФедосеев$bА.В.
Заглавие Усилия и ускорения, возникающие при соударениях цельнометаллических пассажирских вагонов
Автор Вершинский, С.В.
464 #0 - АНАЛИТИЧЕСКИЙ УРОВЕНЬ
Встроенное поле 2001#$aДинамические исследования вагонных осей
-- 700#1$aКудрявцева$bН.Н.
Заглавие Динамические исследования вагонных осей
Автор Кудрявцева, Н.Н.
606 ## - НАИМЕНОВАНИЕ ТЕМЫ КАК ПРЕДМЕТ
Наименование темы Вагонные конструкции
Тематический подзаголовок Расчет
Формальный подзаголовок Сборники
Код системы psbo
701 #1 - ИМЯ ЛИЦА - АЛЬТЕРНАТИВНАЯ ОТВЕТСТВЕННОСТЬ
Материалы, к которым относится поле rus
Графика поля Кириллица
Начальный элемент ввода Попов
Часть имени, кроме начального элемента ввода А. А.
Дополнения к именам, кроме дат д-р техн. наук, строит. механика
Даты 1905-1966
Расширение инициалов личного имени Алексей Александрович
Идентификатор авторитетной/нормативной записи RU\NLR\AUTH\7766311
Системный номер авторитетной/нормативной записи 49239
701 #1 - ИМЯ ЛИЦА - АЛЬТЕРНАТИВНАЯ ОТВЕТСТВЕННОСТЬ
Начальный элемент ввода Чиркин
Часть имени, кроме начального элемента ввода В.В.
701 #1 - ИМЯ ЛИЦА - АЛЬТЕРНАТИВНАЯ ОТВЕТСТВЕННОСТЬ
Начальный элемент ввода Кудрявцев
Часть имени, кроме начального элемента ввода Н.Н.
801 #0 - ИСТОЧНИК ЗАПИСИ
Страна российская федерация
Организация NLR
Правила каталогизации psbo
801 #1 - ИСТОЧНИК ЗАПИСИ
Страна российская федерация
Организация ELAR
Источник данных rusmarc
852 ## - МЕСТОНАХОЖДЕНИЕ И ШИФР ХРАНЕНИЯ
Идентификатор организации NLR
Шифр хранения (Call Number) П10/598
942 ## - ДОПОЛНИТЕЛЬНЫЕ ЭЛЕМЕНТЫ ЗАПИСИ (АБИС)
Тип экземпляра АБИС Книга
980 ## - КОЛЛЕКЦИЯ
Название коллекции Национальная библиография
Экземпляры
Тип экземпляра Дата поступления Библиотека постоянного хранения Библиотека текущего хранения Место хранения Шифр хранения Штрих-код Статус не для выдачи
Книга 26.10.2013 РНБ (Московский) РНБ (Московский) Русский журнальный фонд П10/598 8056919-10